[Event "1.GRS Open"]
[Site "Ober-Ramstadt, Modauhalle"]
[Date "2024.07.26"]
[Round "1.1"]
[White "Kunin, Vitaly"]
[Black "Weber, Nikita"]
[Result "1-0"]
[WhiteElo "2522"]
[BlackElo "2010"]
[PlyCount "57"]
[EventDate "2024.07.26"]
[WhiteTeam "FB Mörlenbach-Birkenau"]
[BlackTeam "Vorw.Orient Mainz"]

1. d4 Nf6 2. c4 e6 3. Nf3 Bb4+ 4. Nbd2 b6 5. a3 Bxd2+ 6. Qxd2 Bb7 7. e3 d5 8. b3 Ne4 9. Qc2 Nd7 10. Be2 h5 11. Bb2 h4 12. cxd5 exd5 13. Ne5 Nxe5 14. dxe5 h3 15. Rg1 hxg2 16. Rxg2 Ng5 17. O-O-O Rc8 18. Bg4 d4 19. Rgg1 Be4 20. Qc4 Rh6 21. Rxd4 Rc6 22. Qxc6+ Bxc6 23. Rxd8+ Rxd8 24. Bf5 Nf3 25. Rxg7 Nxh2 26. e6 fxe6 27. Bg6+ Kf8 28. Rf7+ Kg8 29. Rh7 1-0

[Event "1.GRS Open"]
[Site "Ober-Ramstadt, Modauhalle"]
[Date "2024.07.26"]
[Round "1.2"]
[White "Lukas, Anne"]
[Black "Korneev, Oleg"]
[Result "0-1"]
[WhiteElo "2024"]
[BlackElo "2459"]
[PlyCount "64"]
[EventDate "2024.07.26"]
[WhiteTeam "SK 1980 Gernsheim"]
[BlackTeam "TSV Schönaich"]

1. Nf3 d5 2. g3 Nf6 3. Bg2 Bf5 4. O-O e6 5. d3 Be7 6. Nfd2 h6 7. e4 Bh7 8. Nc3 O-O 9. f4 c5 10. Kh1 Nc6 11. a3 a6 12. f5 d4 13. Ncb1 exf5 14. exf5 Nd5 15. Ne4 Re8 16. Qg4 Ne5 17. Qh5 c4 18. dxc4 Nxc4 19. f6 Bxe4 20. Bxe4 Nxf6 21. Qf3 Ne5 22. Qf5 Nxe4 23. Qxe5 Bf6 24. Qf5 Qc8 25. Nd2 Qxc2 26. Nxe4 Rxe4 27. Bxh6 Re2 28. Qxc2 Rxc2 29. b4 Re8 30. Bf4 Ree2 31. Rad1 Rxh2+ 32. Kg1 Rcg2# 0-1

[Event "1.GRS Open"]
[Site "Ober-Ramstadt, Modauhalle"]
[Date "2024.07.26"]
[Round "1.3"]
[White "Poetsch, Hagen"]
[Black "Marcziter, Alex"]
[Result "1-0"]
[WhiteElo "2453"]
[BlackElo "2024"]
[PlyCount "67"]
[EventDate "2024.07.26"]
[WhiteTeam "SC Heusenstamm"]
[BlackTeam "SG Porz"]

1. d4 Nf6 2. c4 g6 3. Nc3 Bg7 4. e4 O-O 5. Be2 d6 6. Be3 e5 7. d5 a5 8. g4 Na6 9. h4 Nc5 10. f3 h5 11. g5 Nfd7 12. Nh3 Nb6 13. b3 Bd7 14. Nf2 Qb8 15. Nd3 Nxd3+ 16. Qxd3 Nc8 17. a3 c5 18. dxc6 bxc6 19. O-O Be6 20. Rfd1 Rd8 21. Na4 Qc7 22. b4 axb4 23. axb4 d5 24. cxd5 cxd5 25. Rac1 Qe7 26. Bc5 Qe8 27. Nc3 Ne7 28. Nb5 dxe4 29. Qxe4 Bd5 30. Nc7 Bxe4 31. Nxe8 Rxd1+ 32. Bxd1 Bxf3 33. Nf6+ Bxf6 34. Bxf3 1-0

[Event "1.GRS Open"]
[Site "Ober-Ramstadt, Modauhalle"]
[Date "2024.07.26"]
[Round "1.5"]
[White "Yankelevich, Lev"]
[Black "Hehn, Hartmut"]
[Result "1-0"]
[WhiteElo "2416"]
[BlackElo "2012"]
[PlyCount "97"]
[EventDate "2024.07.26"]
[WhiteTeam "Le Cavalier Differdange"]
[BlackTeam "SV Ebersbach"]

1. Nf3 Nf6 2. c4 e6 3. g3 b6 4. Bg2 Bb7 5. O-O Be7 6. Nc3 O-O 7. Re1 d5 8. cxd5 exd5 9. d4 Nbd7 10. Bf4 Ne4 11. Qb3 Ndf6 12. Red1 Nxc3 13. Qxc3 c5 14. Ne5 c4 15. b3 cxb3 16. Qxb3 Ne4 17. Rac1 Rc8 18. Rxc8 Qxc8 19. Rc1 Qa8 20. h4 Bd6 21. Rc2 Bxe5 22. Bxe5 Rc8 23. f3 Nf6 24. Bh3 Rxc2 25. Qxc2 Qd8 26. Kf2 Ne8 27. Qa4 a6 28. Qb4 a5 29. Qb5 Kf8 30. Bd7 Nf6 31. Bf5 g6 32. Bc2 Ne8 33. Qb3 f6 34. Bf4 Ng7 35. Bc1 Ne6 36. Qe3 Ng7 37. Bd3 Kf7 38. Qf4 Ne6 39. Qh6 Qg8 40. Ba3 Qg7 41. Qc1 Kg8 42. Qe3 Qd7 43. g4 Bc8 44. Qc1 Qc7 45. Qxc7 Nxc7 46. Be7 Kf7 47. Bd8 Na8 48. Bb5 Bb7 49. Bd7 1-0

[Event "1.GRS Open"]
[Site "Ober-Ramstadt, Modauhalle"]
[Date "2024.07.26"]
[Round "1.6"]
[White "Wuerl, Roland"]
[Black "Bagrationi, Alexander"]
[Result "0-1"]
[WhiteElo "2003"]
[BlackElo "2409"]
[PlyCount "80"]
[EventDate "2024.07.26"]
[WhiteTeam "SC FK Babenhausen 1994"]
[BlackTeam "Schachverein Hemer 1932"]

1. d4 c5 2. d5 g6 3. e4 Bg7 4. Nc3 d6 5. Nf3 Nf6 6. Bb5+ Bd7 7. a4 a6 8. Be2 Bg4 9. Nd2 Bxe2 10. Qxe2 Nbd7 11. a5 O-O 12. O-O Ne8 13. Nc4 b5 14. axb6 Nxb6 15. Na5 Qd7 16. Nd1 Nc7 17. c4 e6 18. Bd2 f5 19. f3 fxe4 20. fxe4 Rxf1+ 21. Qxf1 exd5 22. exd5 Qg4 23. Bc3 Re8 24. Bxg7 Kxg7 25. Nc3 Nd7 26. Nc6 Ne5 27. Nxe5 Rxe5 28. Kh1 Ne8 29. h3 Qh4 30. Qd3 Nf6 31. Rf1 Ng4 32. Qf3 Rf5 33. Qe2 Nf2+ 34. Kh2 Ng4+ 35. Kg1 Ne5 36. Rxf5 gxf5 37. Qf1 Kg6 38. Qa1 Qxc4 39. Qa5 Qd4+ 40. Kh2 Qf2 0-1

[Event "1.GRS Open"]
[Site "Ober-Ramstadt, Modauhalle"]
[Date "2024.07.26"]
[Round "1.7"]
[White "Stork, Oliver"]
[Black "Schröder, Jürgen"]
[Result "1/2-1/2"]
[WhiteElo "2379"]
[BlackElo "2010"]
[PlyCount "96"]
[EventDate "2024.07.26"]
[WhiteTeam "Klub Kölner Schachfreunde"]
[BlackTeam "SC Matt im Park Ffm"]

1. e4 g6 2. d4 Bg7 3. Nc3 d6 4. Be3 a6 5. g4 b5 6. Bg2 Bb7 7. h4 h6 8. Nge2 Nd7 9. Ng3 e6 10. Qd2 Nb6 11. b3 Ne7 12. O-O-O Qd7 13. f4 c5 14. Qf2 Qc7 15. f5 Bxd4 16. Bxd4 cxd4 17. Qxd4 O-O-O 18. fxe6 fxe6 19. Rhf1 d5 20. Qe3 Kb8 21. exd5 Nexd5 22. Nxd5 Nxd5 23. Bxd5 Rxd5 24. Rxd5 Bxd5 25. Qf4 g5 26. Qxc7+ Kxc7 27. hxg5 hxg5 28. Rf7+ Kc6 29. Rg7 Rh4 30. Rxg5 Bf3 31. Kd2 Rxg4 32. Rxg4 Bxg4 33. c3 a5 34. Kd3 Kd5 35. c4+ bxc4+ 36. bxc4+ Kc5 37. Ne4+ Kc6 38. Kd4 Be2 39. Nd2 Bd1 40. Ne4 Be2 41. Nd2 Bd1 42. Nb3 Bxb3 43. axb3 e5+ 44. Kxe5 Kc5 45. Ke4 a4 46. bxa4 Kxc4 47. a5 Kb5 48. a6 Kxa6 1/2-1/2

[Event "1.GRS Open"]
[Site "Ober-Ramstadt, Modauhalle"]
[Date "2024.07.26"]
[Round "1.8"]
[White "Waffenschmidt, Joachim"]
[Black "Volkov, Mykyta"]
[Result "0-1"]
[WhiteElo "2000"]
[BlackElo "2306"]
[PlyCount "58"]
[EventDate "2024.07.26"]
[WhiteTeam "SV 1920 Hofheim"]
[BlackTeam "Elberfelder SG"]

1. d4 e6 2. c4 Nf6 3. Nf3 d5 4. Nc3 Nbd7 5. Bf4 Bb4 6. a3 Bxc3+ 7. bxc3 dxc4 8. e3 b5 9. a4 c6 10. Be2 Nd5 11. Qc2 Qa5 12. O-O Qxc3 13. Qb1 g6 14. Bd6 Qb3 15. Qxb3 cxb3 16. axb5 Nc3 17. Bd3 b2 18. Ra3 Nxb5 19. Bxb5 cxb5 20. Rb1 Nb6 21. Nd2 Bb7 22. Rxb2 Rc8 23. Bc5 Nd7 24. Nb3 f5 25. f3 Kf7 26. Bd6 Nb6 27. Na5 Rc1+ 28. Kf2 Bd5 29. Nb3 Rc6 0-1

[Event "1.GRS Open"]
[Site "Ober-Ramstadt, Modauhalle"]
[Date "2024.07.26"]
[Round "1.9"]
[White "Weber, Samuel"]
[Black "Drill, Frank"]
[Result "1-0"]
[WhiteElo "2220"]
[BlackElo "1994"]
[PlyCount "31"]
[EventDate "2024.07.26"]
[WhiteTeam "SV Oberursel"]
[BlackTeam "SF Neuberg"]

1. b3 e5 2. Bb2 Nc6 3. c4 Nf6 4. Nf3 e4 5. Nd4 Bc5 6. Nf5 O-O 7. e3 d5 8. cxd5 Qxd5 9. Ng3 Ne5 10. Nc3 Qc6 11. Ncxe4 Nxe4 12. Bxe5 Rd8 13. Nxe4 Qxe4 14. Bc3 Bf5 15. Qf3 Qc2 16. Bc4 1-0

[Event "1.GRS Open"]
[Site "Ober-Ramstadt, Modauhalle"]
[Date "2024.07.26"]
[Round "1.10"]
[White "Derr, Oleg"]
[Black "Hirneise, Jens"]
[Result "0-1"]
[WhiteElo "1947"]
[BlackElo "2300"]
[PlyCount "94"]
[EventDate "2024.07.26"]
[WhiteTeam "VSG 1880 Offenbach"]
[BlackTeam "SC Böblingen 1975 e.V."]

1. e4 c5 2. Nf3 d6 3. Bc4 Nc6 4. O-O Nf6 5. d3 e6 6. Bb3 Be7 7. Re1 O-O 8. c3 b5 9. Nbd2 Qc7 10. Nf1 Bb7 11. Ng3 Rac8 12. Bd2 Rfd8 13. Rc1 Ne5 14. Bc2 Nxf3+ 15. Qxf3 d5 16. d4 dxe4 17. Nxe4 Bxe4 18. Bxe4 Nxe4 19. Qxe4 Qa5 20. Qc2 cxd4 21. cxd4 Qa6 22. Qb3 Rxd4 23. Rxc8+ Qxc8 24. Be3 Rb4 25. Qa3 Bf8 26. Qxa7 Rxb2 27. Rc1 Rc2 28. Rxc2 Qxc2 29. g3 h5 30. Qa8 Qd1+ 31. Kg2 Qd5+ 32. Qxd5 exd5 33. Kf3 f6 34. h4 Kf7 35. Ba7 Ke6 36. Ke3 Ba3 37. Kd3 Bb2 38. Be3 Be5 39. Ke2 Kf5 40. Kf3 g5 41. hxg5 fxg5 42. Bd2 h4 43. g4+ Kf6 44. Bc1 d4 45. Bd2 h3 46. Ba5 Bf4 47. Bd8+ Ke6 0-1

[Event "1.GRS Open"]
[Site "Ober-Ramstadt, Modauhalle"]
[Date "2024.07.26"]
[Round "1.11"]
[White "Hinrichs, Paul"]
[Black "Haraszti, Laszlo"]
[Result "1-0"]
[WhiteElo "2256"]
[BlackElo "1997"]
[PlyCount "67"]
[EventDate "2024.07.26"]
[WhiteTeam "Sfr.Heidesheim"]
[BlackTeam "SC Ladja Roßdorf"]

1. d4 c6 2. Nf3 d5 3. c4 Nf6 4. Nc3 e6 5. e3 Be7 6. Be2 Nbd7 7. O-O O-O 8. b3 a6 9. Bb2 b5 10. Qc2 Bb7 11. Rfd1 b4 12. Na4 Ne4 13. Ne5 Nxe5 14. dxe5 f5 15. f3 Ng5 16. Bd4 Qe8 17. c5 Qg6 18. Nb6 Ra7 19. Kh1 Qh6 20. Qd2 a5 21. a3 bxa3 22. Rxa3 Bc8 23. Rxa5 Rc7 24. Rda1 g6 25. Ra7 Bb7 26. Ba6 Rb8 27. b4 Qf8 28. Bxb7 Rcxb7 29. Nd7 Rxa7 30. Rxa7 Qc8 31. Nxb8 Qxb8 32. Rxe7 Qb5 33. Qe1 Qd3 34. h4 1-0

[Event "1.GRS Open"]
[Site "Ober-Ramstadt, Modauhalle"]
[Date "2024.07.26"]
[Round "1.12"]
[White "Pioch, Thomas"]
[Black "Solonar, Stefan"]
[Result "1/2-1/2"]
[WhiteElo "1996"]
[BlackElo "2276"]
[PlyCount "103"]
[EventDate "2024.07.26"]
[WhiteTeam "SC Flörsheim 1921"]
[BlackTeam "SC Heusenstamm"]

1. Nf3 Nf6 2. g3 g6 3. Bg2 Bg7 4. O-O O-O 5. d3 d5 6. c4 c5 7. Nc3 d4 8. Na4 Nfd7 9. e3 e5 10. exd4 cxd4 11. b4 Na6 12. Ba3 Qc7 13. Rc1 Re8 14. Re1 Nf6 15. b5 Nb8 16. h3 Nbd7 17. c5 Nf8 18. Qd2 Bd7 19. Qb4 Nd5 20. Qb3 Nc3 21. Nxc3 dxc3 22. Ng5 Ne6 23. b6 axb6 24. cxb6 Qd8 25. Nf3 Ba4 26. Qxc3 e4 27. Ne5 Nd4 28. Nxf7 Kxf7 29. Qc4+ Re6 30. Rxe4 Bb5 31. Qc7+ Kg8 32. Qxd8+ Rxd8 33. Rxe6 Nxe6 34. Bxb7 Bd4 35. Bc8 Kf7 36. b7 Ba7 37. Rb1 Rxd3 38. Rxb5 Rxg3+ 39. Kf1 Rxa3 40. Bxe6+ Kxe6 41. b8=Q Bxb8 42. Rxb8 Rxa2 43. Rb7 h5 44. Rb5 Ra3 45. Kg2 Ra4 46. Rc5 Rf4 47. Rc6+ Kf7 48. Kg3 Rf5 49. h4 Ra5 50. Rb6 Ra4 51. f3 Rd4 52. Ra6 1/2-1/2

[Event "1.GRS Open"]
[Site "Ober-Ramstadt, Modauhalle"]
[Date "2024.07.26"]
[Round "1.13"]
[White "Chassard, Cedric"]
[Black "Kostenko, Lev"]
[Result "1-0"]
[WhiteElo "2244"]
[BlackElo "1970"]
[PlyCount "89"]
[EventDate "2024.07.26"]
[WhiteTeam "SVG Saarbrücken 1970 e.V."]
[BlackTeam "SK 1945 Fürth"]

1. e4 c5 2. Nf3 d6 3. d4 cxd4 4. Nxd4 Nf6 5. Nc3 a6 6. h3 e5 7. Nf3 b5 8. a4 b4 9. Nd5 Nxe4 10. Be3 Nd7 11. Nxb4 Bb7 12. Bc4 Nef6 13. O-O h6 14. c3 Be7 15. a5 O-O 16. Nh4 d5 17. Nxd5 Nxd5 18. Bxd5 Bxd5 19. Qxd5 Bxh4 20. Rfd1 Nf6 21. Qc4 Bxf2+ 22. Bxf2 Qb8 23. b4 Nh5 24. Rd7 Qc8 25. Qxc8 Rfxc8 26. Bc5 Nf4 27. Re1 f6 28. Re3 Rd8 29. Rxd8+ Rxd8 30. c4 Rc8 31. Re4 Ne6 32. Be3 Nd4 33. Bxd4 Rxc4 34. b5 exd4 35. bxa6 Kf7 36. a7 Rc8 37. Rxd4 Ra8 38. Rd7+ Kg6 39. Kf2 f5 40. Ke3 Kf6 41. Kd4 g5 42. Kc5 Ke6 43. Rb7 g4 44. hxg4 fxg4 45. Kb6 1-0

[Event "1.GRS Open"]
[Site "Ober-Ramstadt, Modauhalle"]
[Date "2024.07.26"]
[Round "1.14"]
[White "Gentner, Markus"]
[Black "Sydykov, Bayastan"]
[Result "0-1"]
[WhiteElo "1977"]
[BlackElo "2268"]
[PlyCount "32"]
[EventDate "2024.07.26"]
[WhiteTeam "SC Murrhardt 1948 e.V."]
[BlackTeam "SK 1858 Gießen"]

1. Nf3 Nf6 2. c4 c5 3. Nc3 d5 4. cxd5 Nxd5 5. g3 g6 6. Bg2 Bg7 7. O-O O-O 8. Nxd5 Qxd5 9. Qc2 Nc6 10. a3 c4 11. e4 Qb5 12. a4 Qa6 13. a5 Rd8 14. Ra4 Be6 15. Rd1 Rd3 16. Ng5 Nd4 0-1

[Event "1.GRS Open"]
[Site "Ober-Ramstadt, Modauhalle"]
[Date "2024.07.26"]
[Round "1.15"]
[White "Klundt, Klaus"]
[Black "Steinbrenner, Peter"]
[Result "1-0"]
[WhiteElo "2262"]
[BlackElo "1979"]
[PlyCount "95"]
[EventDate "2024.07.26"]
[WhiteTeam "SC Heusenstamm"]
[BlackTeam "SK Kaiserslautern 1905"]

1. e4 c5 2. Nf3 d6 3. d4 cxd4 4. Nxd4 Nf6 5. Nc3 a6 6. Be3 e5 7. Nb3 Be6 8. Qd2 Be7 9. f4 exf4 10. Bxf4 b5 11. O-O-O b4 12. Nd5 Bxd5 13. exd5 O-O 14. Qxb4 a5 15. Qd4 Na6 16. Bxa6 Rxa6 17. Rhe1 Qc7 18. Qd3 Rb6 19. Nxa5 Ra8 20. Nc6 Bf8 21. Kb1 Nxd5 22. Qxd5 Rxc6 23. Re2 Rc8 24. c3 Rb6 25. Rc2 Qc4 26. Be3 Rb5 27. Qxc4 Rxc4 28. Bd4 d5 29. Re2 f6 30. Re8 Kf7 31. Ra8 Bc5 32. Kc2 h5 33. b3 Rxd4 34. cxd4 Bd6 35. h3 Rb7 36. Ra5 Re7 37. Kb1 Bb4 38. Rxd5 g6 39. Rb5 Ba3 40. Ra5 Bb4 41. Ra4 Bd6 42. Ra6 Ke6 43. Rc1 Rd7 44. Rcc6 g5 45. Kc2 f5 46. Kd3 Kd5 47. a4 Bb4 48. Rcb6 1-0

[Event "1.GRS Open"]
[Site "Ober-Ramstadt, Modauhalle"]
[Date "2024.07.26"]
[Round "1.16"]
[White "Bauch, Martin"]
[Black "Boidman, Yuri"]
[Result "0-1"]
[WhiteElo "1976"]
[BlackElo "2254"]
[PlyCount "48"]
[EventDate "2024.07.26"]
[WhiteTeam "SC Ober-Ramstadt"]
[BlackTeam "SC Heimbach-Weis/Neuwied"]

1. e4 d5 2. exd5 Nf6 3. d4 Bg4 4. Bb5+ Nbd7 5. Be2 Bxe2 6. Qxe2 Nxd5 7. Nf3 e6 8. O-O Be7 9. c4 N5b6 10. Nc3 O-O 11. Bf4 c6 12. Rfd1 Re8 13. b3 Nf8 14. Ne4 Ng6 15. Bg3 Nc8 16. Ne5 Nd6 17. Nc5 Qc8 18. Rac1 Nf5 19. Qf3 Nxe5 20. Bxe5 f6 21. Bf4 Nxd4 22. Rxd4 Bxc5 23. Rd2 Bb4 24. Rd4 e5 0-1

[Event "1.GRS Open"]
[Site "Ober-Ramstadt, Modauhalle"]
[Date "2024.07.26"]
[Round "1.17"]
[White "Papadopoulos, Ioannis"]
[Black "Diehm, Alexander"]
[Result "1/2-1/2"]
[WhiteElo "2196"]
[BlackElo "1976"]
[PlyCount "150"]
[EventDate "2024.07.26"]
[WhiteTeam "SV Oberursel"]
[BlackTeam "SC FK Babenhausen 1994"]

1. e4 c5 2. Nf3 Nc6 3. d4 cxd4 4. Nxd4 e5 5. Nb5 d6 6. N1c3 a6 7. Na3 b5 8. Nd5 Rb8 9. c4 b4 10. Nc2 Nf6 11. Bg5 Be7 12. Bxf6 Bxf6 13. g3 b3 14. axb3 Rxb3 15. Ncb4 Nd4 16. Nc6 Bg4 17. Qxg4 Nxc6 18. Rxa6 Rxb2 19. Bd3 h5 20. Nxf6+ Qxf6 21. Qc8+ Nd8 22. O-O O-O 23. Qf5 Qh6 24. c5 Qd2 25. Rxd6 Nb7 26. Rd5 Nxc5 27. Rxc5 Qxd3 28. Rxe5 g6 29. Qf4 Rfb8 30. Re7 Qc4 31. Rc7 Qe6 32. Kg2 R8b4 33. Re1 Rb7 34. Rxb7 Rxb7 35. e5 Kg7 36. Qe4 Rb5 37. h4 f6 38. exf6+ Qxf6 39. Rc1 Qf7 40. Rc6 Rf5 41. Qd4+ Kh7 42. Rd6 Qb7+ 43. Kg1 Qf3 44. Rd8 Rf8 45. Rd7+ Rf7 46. Rd8 Rf8 47. Rd7+ Rf7 48. Qe3 Qf5 49. Re7 Qf6 50. Rxf7+ Qxf7 51. Kg2 Qd7 52. f3 Qb7 53. Qd3 Qb2+ 54. Kg1 Qa1+ 55. Qf1 Qd4+ 56. Kg2 Qd2+ 57. Qf2 Qd7 58. Qe2 Qb7 59. Kh3 Qc8+ 60. g4 hxg4+ 61. fxg4 Qc3+ 62. Kg2 Qc6+ 63. Qf3 Qc2+ 64. Kh3 Qc8 65. h5 Kg7 66. Qe3 Qd8 67. Qe5+ Kh6 68. Qf4+ Kg7 69. Qe4 gxh5 70. gxh5 Qd7+ 71. Kh4 Qd8+ 72. Kg3 Qc7+ 73. Kf3 Qc3+ 74. Qe3 Qxe3+ 75. Kxe3 Kh6 1/2-1/2

[Event "1.GRS Open"]
[Site "Ober-Ramstadt, Modauhalle"]
[Date "2024.07.26"]
[Round "1.18"]
[White "Pfarr, Michael"]
[Black "Marcziter, Dmitrii"]
[Result "0-1"]
[WhiteElo "1974"]
[BlackElo "2204"]
[PlyCount "116"]
[EventDate "2024.07.26"]
[WhiteTeam "SK 1928 Mömbris"]
[BlackTeam "SG Porz"]

1. e4 c5 2. Nf3 a6 3. d4 cxd4 4. Nxd4 Nf6 5. Nc3 e5 6. Nb3 Bb4 7. Bd3 d5 8. exd5 Nxd5 9. Bd2 Nxc3 10. bxc3 Bd6 11. Qh5 Nd7 12. O-O-O Qc7 13. f4 Nf6 14. Qh4 Be6 15. fxe5 Bxe5 16. Rde1 O-O-O 17. c4 Nd7 18. Ba5 b6 19. Bb4 Nc5 20. Bxc5 bxc5 21. Qe4 Bc3 22. Qa8+ Kd7 23. Qxa6 Bxe1 24. Qb5+ Ke7 25. Rxe1 Rc8 26. a4 Rhd8 27. g3 Kf8 28. Bxh7 Rd6 29. Bd3 Bd7 30. Qa5 Qxa5 31. Nxa5 Bxa4 32. Re5 Rb6 33. Rh5 Rh6 34. Rxh6 gxh6 35. Nb7 Ke7 36. Be4 Rc7 37. Kd2 Bd7 38. Kc3 Bc8 39. Na5 Kd6 40. Nb3 Bb7 41. Bd3 Re7 42. Kd2 Be4 43. Bf1 Re5 44. Be2 Bxc2 45. Na5 Be4 46. Nb3 Bg2 47. Nc1 Be4 48. Nb3 Re7 49. Kc3 Ra7 50. Kb2 Bc6 51. Nc1 Be4 52. Bd1 Rb7+ 53. Nb3 Bc6 54. Kc3 Re7 55. Nc1 Re1 56. Kd2 Rh1 57. h4 Rh3 58. Bh5 Rxg3 0-1

[Event "1.GRS Open"]
[Site "Ober-Ramstadt, Modauhalle"]
[Date "2024.07.26"]
[Round "1.19"]
[White "Minor, Samuel"]
[Black "Adamczyk, Matthias"]
[Result "1-0"]
[WhiteElo "2202"]
[BlackElo "1968"]
[PlyCount "35"]
[EventDate "2024.07.26"]
[WhiteTeam "Wiesbadener SV 1885"]
[BlackTeam "SC Schachmatt Weiterstadt"]

1. e4 c5 2. Nf3 Nc6 3. Bb5 e6 4. O-O Nf6 5. Re1 Be7 6. c4 d5 7. e5 Nh5 8. d4 g6 9. Bh6 Bf8 10. Qd2 cxd4 11. Nxd4 Bd7 12. Bxf8 Rxf8 13. Nc3 a6 14. cxd5 exd5 15. Nxd5 Nxd4 16. Bxd7+ Qxd7 17. Qxd4 Rd8 18. Nf6+ 1-0

[Event "1.GRS Open"]
[Site "Ober-Ramstadt, Modauhalle"]
[Date "2024.07.26"]
[Round "1.20"]
[White "Ahrends, Norbert"]
[Black "Agrest, Inna"]
[Result "0-1"]
[WhiteElo "1967"]
[BlackElo "2194"]
[PlyCount "74"]
[EventDate "2024.07.26"]
[WhiteTeam "SK 1980 Gernsheim"]
[BlackTeam "SC Viernheim 1934 e.V."]

1. d4 Nf6 2. c4 g6 3. f3 Bg7 4. e4 d6 5. Nc3 O-O 6. Be3 a6 7. Qd2 Nbd7 8. Nh3 c5 9. Nf2 Qa5 10. Be2 Rb8 11. O-O b5 12. cxb5 axb5 13. dxc5 b4 14. Nd5 Nxd5 15. exd5 Nxc5 16. Bh6 Bb7 17. Bxg7 Kxg7 18. b3 Rfc8 19. Rfc1 Nd7 20. Bc4 Nf6 21. Rd1 Ra8 22. Ne4 Qb6+ 23. Kh1 Ra5 24. Nxf6 exf6 25. Qf4 Re8 26. Rd4 Rxa2 27. Rad1 Rea8 28. h4 h5 29. g4 hxg4 30. fxg4 Rh8 31. h5 Qd8 32. Rf1 f5 33. Kg1 Bc8 34. Bd3 g5 35. Qf3 Qb6 36. Qe3 f4 37. Qe4 Bxg4 0-1

[Event "1.GRS Open"]
[Site "Ober-Ramstadt, Modauhalle"]
[Date "2024.07.26"]
[Round "1.21"]
[White "Petersen, Henrik"]
[Black "Bremer, Vincent"]
[Result "1-0"]
[WhiteElo "2194"]
[BlackElo "1965"]
[PlyCount "65"]
[EventDate "2024.07.26"]
[WhiteTeam "SV 03/25 Koblenz"]
[BlackTeam "TSG 1846 Bretzenheim/ZMO"]

1. e4 e6 2. d4 d5 3. exd5 exd5 4. Bf4 Bd6 5. Qd2 Ne7 6. Nc3 c6 7. Nge2 O-O 8. f3 Ng6 9. Bxd6 Qxd6 10. h4 Re8 11. O-O-O b5 12. h5 Nf8 13. h6 g6 14. Qf4 Qxf4+ 15. Nxf4 Nbd7 16. Bd3 Ne6 17. Rhe1 Nf6 18. Nce2 Kf8 19. Nxe6+ Bxe6 20. Nf4 Re7 21. Re3 Rae8 22. Rde1 Bd7 23. Rxe7 Rxe7 24. Rh1 Kg8 25. Kd2 Ne8 26. a4 bxa4 27. Ra1 g5 28. Nh5 c5 29. dxc5 g4 30. f4 Bc6 31. Bf5 d4 32. Bxg4 Rb7 33. Ra2 1-0

[Event "1.GRS Open"]
[Site "Ober-Ramstadt, Modauhalle"]
[Date "2024.07.26"]
[Round "1.23"]
[White "Baranyai-Molnar, Adam-Kristof"]
[Black "Markosyan, Aleksandr"]
[Result "1-0"]
[WhiteElo "2102"]
[BlackElo "1953"]
[PlyCount "43"]
[EventDate "2024.07.26"]
[WhiteTeam "SF Neuberg"]
[BlackTeam "SG Turm Idstein"]

1. e4 c5 2. Nf3 g6 3. c4 Bg7 4. d4 cxd4 5. Nxd4 Nc6 6. Be3 Nf6 7. Nc3 Ng4 8. Qxg4 Nxd4 9. Qd1 e5 10. Bd3 O-O 11. Qd2 d6 12. Nd5 Be6 13. h4 h5 14. O-O-O a6 15. Kb1 b5 16. f3 Bxd5 17. cxd5 Kh7 18. g4 Rh8 19. gxh5 gxh5 20. Rdg1 Rg8 21. Bxd4 exd4 22. Rg5 1-0

[Event "1.GRS Open"]
[Site "Ober-Ramstadt, Modauhalle"]
[Date "2024.07.26"]
[Round "1.24"]
[White "Martin, Reiner"]
[Black "Töpfer, Albrecht"]
[Result "0-1"]
[WhiteElo "1951"]
[BlackElo "2133"]
[PlyCount "101"]
[EventDate "2024.07.26"]
[WhiteTeam "SC Bad Soden"]
[BlackTeam "SC Fulda"]

1. d4 d6 2. Bg5 h6 3. Bh4 Nd7 4. e4 Ngf6 5. Nc3 e5 6. h3 Be7 7. Nf3 O-O 8. Bc4 c6 9. Bb3 b5 10. a3 a6 11. O-O Re8 12. Re1 Bb7 13. dxe5 dxe5 14. Bg3 Qc7 15. Qe2 Bc5 16. Nh4 Bf8 17. Rad1 Nc5 18. Ba2 Bc8 19. Rd2 Be6 20. Bxe6 Rxe6 21. b4 Ncd7 22. Nf3 Nb6 23. Rdd1 Nc4 24. Nb1 Nd7 25. Nd4 Ree8 26. Qg4 Nf6 27. Qf3 Qc8 28. Nf5 Qe6 29. Bh4 a5 30. Nxh6+ Kh7 31. Nf5 axb4 32. axb4 Bxb4 33. c3 Bc5 34. g4 Ng8 35. g5 g6 36. Ne3 Bxe3 37. fxe3 Kg7 38. Rf1 Rad8 39. Bf2 f6 40. h4 fxg5 41. hxg5 Rf8 42. Qg3 Ne7 43. Kg2 Nc8 44. Rxd8 Rxd8 45. Bg1 N8d6 46. Rf6 Qd7 47. Qf3 Rh8 48. Bh2 Rh5 49. Rf8 Rxg5+ 50. Kf1 Qe7 51. Ke2 0-1

[Event "1.GRS Open"]
[Site "Ober-Ramstadt, Modauhalle"]
[Date "2024.07.26"]
[Round "1.25"]
[White "Wolf, Ulrich Martin"]
[Black "von Wahden, Jens"]
[Result "1-0"]
[WhiteElo "2187"]
[BlackElo "1951"]
[PlyCount "103"]
[EventDate "2024.07.26"]
[WhiteTeam "SK Bad Homburg 1927"]
[BlackTeam "SV Oberursel"]

1. d4 Nf6 2. Nf3 d5 3. c4 e6 4. Nc3 Be7 5. cxd5 exd5 6. Qc2 c6 7. Bf4 O-O 8. e3 Nbd7 9. Bd3 Re8 10. O-O Nf8 11. h3 Ng6 12. Be5 Bd6 13. Bxd6 Qxd6 14. a3 Qe7 15. Bxg6 hxg6 16. Rac1 Bf5 17. Qe2 Ne4 18. Nxe4 Qxe4 19. Rfe1 f6 20. Nd2 Qh4 21. g4 Bd7 22. Kg2 g5 23. Qd3 Re7 24. Rh1 Rae8 25. Nf3 Qh7 26. Qxh7+ Kxh7 27. Kg3 Kg6 28. Rc3 Kf7 29. Rhc1 Re6 30. Rb3 b6 31. a4 c5 32. dxc5 Bxa4 33. Ra3 Re4 34. Nd4 bxc5 35. Rxc5 Bd7 36. Rxa7 R4e7 37. Rxd5 Be6 38. Rxe7+ Rxe7 39. Nxe6 Kxe6 40. Rb5 g6 41. Rb6+ Kf7 42. b4 f5 43. gxf5 gxf5 44. h4 Re4 45. hxg5 Rg4+ 46. Kf3 Rxg5 47. Kf4 Rh5 48. b5 Rh2 49. f3 Rh3 50. Rc6 Ke7 51. b6 Kd7 52. b7 1-0

[Event "1.GRS Open"]
[Site "Ober-Ramstadt, Modauhalle"]
[Date "2024.07.26"]
[Round "1.26"]
[White "Stuhlmann, Florian"]
[Black "Engel, Bruno"]
[Result "0-1"]
[WhiteElo "1944"]
[BlackElo "2185"]
[PlyCount "82"]
[EventDate "2024.07.26"]
[WhiteTeam "SC Königsflügel Lindenholzhausen"]
[BlackTeam "Lübecker SV von 1873"]

1. d4 Nf6 2. c4 e6 3. Nc3 Bb4 4. Qc2 d5 5. cxd5 exd5 6. Nf3 c6 7. e3 O-O 8. Bd3 Re8 9. O-O Nbd7 10. Bd2 h6 11. Rfe1 a5 12. Rad1 b5 13. e4 Bxc3 14. bxc3 dxe4 15. Bxe4 Nxe4 16. Rxe4 Nf6 17. Rxe8+ Qxe8 18. Bf4 Qe4 19. Qd2 Nd5 20. Bd6 Bg4 21. Re1 Qg6 22. Ne5 Qxd6 23. Nxg4 b4 24. c4 Nc3 25. Re3 Rd8 26. Rd3 Qg6 27. h3 Qe4 28. Kf1 Re8 29. d5 Qxc4 30. d6 Ne4 31. Qd1 Nc5 32. d7 Nxd7 33. Kg1 Nc5 34. Rg3 Qf4 35. Qa1 Ne4 36. Rf3 Qd2 37. a3 Nc3 38. Ne3 Qa2 39. Qf1 Ne2+ 40. Kh2 b3 41. Qd1 b2 0-1

[Event "1.GRS Open"]
[Site "Ober-Ramstadt, Modauhalle"]
[Date "2024.07.26"]
[Round "1.27"]
[White "Hahn, Werner"]
[Black "Tietzen, Stefan"]
[Result "1-0"]
[WhiteElo "2171"]
[BlackElo "1939"]
[PlyCount "59"]
[EventDate "2024.07.26"]
[WhiteTeam "SC Schachmatt Weiterstadt"]
[BlackTeam "SK 1980 Gernsheim"]

1. d4 Nf6 2. c4 g6 3. Nc3 d5 4. Nf3 Bg7 5. h4 h5 6. Bg5 c6 7. e3 Be6 8. Qb3 Qb6 9. c5 Qxb3 10. axb3 Bf5 11. b4 Nfd7 12. Bf4 O-O 13. b5 e5 14. Nxe5 Nxe5 15. Bxe5 Bxe5 16. dxe5 Nd7 17. bxc6 bxc6 18. b4 Nxe5 19. Kd2 Rfd8 20. f4 Ng4 21. Ne2 Re8 22. Nd4 Rxe3 23. Nxc6 Rb3 24. Ba6 Rb2+ 25. Kc3 Rc2+ 26. Kb3 Rxg2 27. Ne7+ Kg7 28. Nxf5+ gxf5 29. c6 Rg3+ 30. Ka4 1-0